[Event "Quebec op"]
[Site "Montreal CAN"]
[Date "1998.08.01"]
[Round "8"]
[White "Charbonneau, Pascal"]
[Black "Drozdov, Igor"]
[Result "0-1"]
[WhiteElo "2235"]
[BlackElo "2440"]
[PlyCount "98"]
[GameId "2160767911872650"]
[EventDate "1998.07.25"]
[EventType "swiss"]
[EventRounds "9"]
[EventCountry "CAN"]
[SourceTitle "EXT 1999"]
[Source "ChessBase"]
[SourceDate "1998.11.10"]
[SourceVersion "1"]
[SourceVersionDate "1998.11.10"]
[SourceQuality "1"]

1. e4 c6 2. d4 d5 3. exd5 cxd5 4. c4 Nf6 5. Nc3 Nc6 6. Bg5 Be6 7. Nge2 dxc4 8. Nf4 Nxd4 9. Nxe6 Nxe6 10. Bxc4 Qxd1+ 11. Rxd1 a6 12. Bxe6 fxe6 13. O-O h6 14. Bf4 g5 15. Be5 Bg7 16. Ne2 Kf7 17. Nd4 Rhd8 18. Rde1 a5 19. f4 gxf4 20. Rxf4 Ra6 21. Nf3 Kg8 22. Rc4 b5 23. Rc7 Nd5 24. Rb7 b4 25. Bxg7 Kxg7 26. h4 Rc8 27. Ne5 Raa8 28. Ng4 Rc4 29. Ne3 Re4 30. Nc2 Rxe1+ 31. Nxe1 Kf6 32. Nd3 Kf5 33. Kf2 Ke4 34. Ke2 Kd4 35. a3 Rg8 36. Ne1 Kc4 37. Kf2 Kb3 38. Nd3 Kc2 39. Nc5 Kxb2 40. axb4 axb4 41. Nxe6 Rg6 42. Nc5 Kc3 43. Rd7 Kc4 44. Ne4 Kd4 45. Nd2 e6 46. Rb7 Kc3 47. Ne4+ Kc2 48. Nc5 Rg4 49. g3 Rc4 0-1

[Event "Quebec op"]
[Site "Montreal CAN"]
[Date "1998.08.02"]
[Round "9"]
[White "Charbonneau, Pascal"]
[Black "Goldenberg, Danny"]
[Result "1-0"]
[WhiteElo "2235"]
[BlackElo "2320"]
[PlyCount "65"]
[GameId "2160767911872678"]
[EventDate "1998.07.25"]
[EventType "swiss"]
[EventRounds "9"]
[EventCountry "CAN"]
[SourceTitle "EXT 1999"]
[Source "ChessBase"]
[SourceDate "1998.11.10"]
[SourceVersion "1"]
[SourceVersionDate "1998.11.10"]
[SourceQuality "1"]

1. e4 c5 2. Nf3 Nc6 3. Nc3 e5 4. Bc4 Be7 5. d3 d6 6. h3 Nf6 7. Bg5 O-O 8. Bxf6 Bxf6 9. O-O Be6 10. Bd5 Rb8 11. a4 Ne7 12. Nd2 Ng6 13. Nc4 Nf4 14. Kh2 Qd7 15. Qf3 Be7 16. Ne3 Kh8 17. g3 Nxd5 18. exd5 Bxh3 19. Rg1 f5 20. Kxh3 Rf6 21. Kg2 Rbf8 22. Rh1 Qc8 23. Nc4 f4 24. Qe4 g6 25. Rag1 Rf5 26. f3 fxg3 27. Ne2 Kg7 28. Rh3 h5 29. Rxg3 Qd8 30. Ne3 Rg5 31. f4 exf4 32. Nxf4 Rxg3+ 33. Kxg3 1-0

[Event "CAN-op"]
[Site "Ottawa CAN"]
[Date "1998.07.14"]
[Round "5"]
[White "Charbonneau, Pascal"]
[Black "Gagnon, Fabien"]
[Result "1-0"]
[WhiteElo "2329"]
[BlackElo "1987"]
[PlyCount "57"]
[GameId "2160767911872762"]
[EventDate "1998.07.11"]
[EventType "swiss"]
[EventRounds "10"]
[EventCountry "CAN"]
[SourceTitle "EXT 2022"]
[Source "ChessBase"]
[SourceDate "2021.10.06"]
[SourceVersion "1"]
[SourceVersionDate "2021.10.06"]
[SourceQuality "1"]

1. e4 d5 2. d4 dxe4 3. Nc3 Bf5 4. f3 exf3 5. Nxf3 e6 6. Bc4 Be7 7. O-O c6 8. Ne5 Bg6 9. Ne4 Nd7 10. Nxg6 hxg6 11. c3 Ngf6 12. Ng5 Qc7 13. h3 Rh5 14. Qe2 Nf8 15. b4 b5 16. Bd3 a5 17. bxa5 Qxa5 18. Nf3 N8d7 19. Bd2 Qc7 20. Ng5 Nf8 21. Qf3 Ra3 22. Be4 Nxe4 23. Qxf7+ Kd8 24. Nxe4 Rf5 25. Qxg7 Bh4 26. Qh6 Be7 27. g4 Rxf1+ 28. Rxf1 Kc8 29. Rxf8+ 1-0

[Event "Quebec-ch"]
[Site "Montreal CAN"]
[Date "1998.06.05"]
[Round "2"]
[White "Linskiy, Oleg"]
[Black "Charbonneau, Pascal"]
[Result "1-0"]
[WhiteElo "2388"]
[BlackElo "2098"]
[PlyCount "69"]
[GameId "2160767911872930"]
[EventDate "1998.06.04"]
[EventType "tourn"]
[EventRounds "9"]
[EventCountry "CAN"]

1. d4 d5 2. c4 dxc4 3. e4 Nc6 4. Nf3 Bg4 5. Be3 Nf6 6. Nc3 e6 7. Bxc4 Be7 8. Be2 O-O 9. O-O Bb4 10. Qd3 Bh5 11. Rad1 Bg6 12. Nh4 Bh5 13. Bxh5 Nxh5 14. Nf3 Be7 15. Qb5 Nf6 16. Qxb7 Nb4 17. Bf4 Rc8 18. Qb5 Qe8 19. Qxe8 Rfxe8 20. h3 Red8 21. a3 Nc6 22. Rfe1 Na5 23. Ne5 Nd7 24. Nxd7 Rxd7 25. d5 e5 26. Bxe5 Nc4 27. Bd4 Nxb2 28. Rb1 Bxa3 29. Nb5 Bb4 30. Re2 Nd3 31. Re3 Rb8 32. Nxa7 c5 33. Rxd3 Rxa7 34. Bxc5 Rab7 35. Rdb3 1-0

[Event "Quebec-ch"]
[Site "Montreal CAN"]
[Date "1998.06.06"]
[Round "3"]
[White "Charbonneau, Pascal"]
[Black "Hua, Lefong"]
[Result "1-0"]
[WhiteElo "2098"]
[BlackElo "2231"]
[PlyCount "93"]
[GameId "2160767911872932"]
[EventDate "1998.06.04"]
[EventType "tourn"]
[EventRounds "9"]
[EventCountry "CAN"]

1. e4 c5 2. Nf3 e6 3. d4 cxd4 4. Nxd4 a6 5. Bd3 Bc5 6. Be3 d6 7. Qe2 Nf6 8. O-O Qc7 9. Nc3 Nc6 10. Nb3 Bxe3 11. Qxe3 b5 12. f4 Qa7 13. Qxa7 Rxa7 14. Rad1 b4 15. Ne2 e5 16. f5 Ke7 17. Nd2 g6 18. fxg6 fxg6 19. Nc4 Rd8 20. a3 Bg4 21. Ne3 Be6 22. axb4 Nxb4 23. Nc3 Nxd3 24. Rxd3 Rb7 25. b3 Rc8 26. Ra1 Rbc7 27. Ncd5+ Bxd5 28. exd5 Ne4 29. Nc4 h5 30. Re3 Rxc4 31. bxc4 Rxc4 32. Rxa6 Nc5 33. Ra7+ Kf6 34. Rf3+ Kg5 35. c3 e4 36. Rg3+ Kf6 37. h4 e3 38. Rxe3 Rxh4 39. Ra8 Rc4 40. Rf8+ Kg5 41. Rg3+ Rg4 42. Rxg4+ hxg4 43. c4 Ne4 44. Kh2 Kh4 45. Rf4 Nc5 46. Rf6 g3+ 47. Kg1 1-0

[Event "Quebec-ch"]
[Site "Montreal CAN"]
[Date "1998.06.07"]
[Round "4"]
[White "Duong, Thanh Nha"]
[Black "Charbonneau, Pascal"]
[Result "1/2-1/2"]
[WhiteElo "2337"]
[BlackElo "2098"]
[PlyCount "104"]
[GameId "2160767911872937"]
[EventDate "1998.06.04"]
[EventType "tourn"]
[EventRounds "9"]
[EventCountry "CAN"]

1. d4 d5 2. Nf3 Nf6 3. c4 dxc4 4. Qa4+ c6 5. Qxc4 Bf5 6. Nc3 e6 7. a4 a5 8. Bg5 Qb6 9. O-O-O Ne4 10. Nxe4 Bxe4 11. Nd2 Bd5 12. Qd3 Bb4 13. Nc4 Qa6 14. e4 Bxc4 15. Qxc4 Qxc4+ 16. Bxc4 Nd7 17. Rd3 O-O 18. Rhd1 Rfe8 19. f4 Kf8 20. Bh4 Be7 21. Be1 Nf6 22. Re3 Red8 23. h3 Rd7 24. g4 Bb4 25. Bh4 Rad8 26. Bxf6 gxf6 27. Red3 Bd6 28. f5 Ke7 29. Kc2 Bb8 30. Kb3 Ba7 31. d5 cxd5 32. exd5 e5 33. h4 Bc5 34. Rf1 Rg8 35. Rg3 h6 36. g5 hxg5 37. hxg5 Rxg5 38. Rxg5 fxg5 39. f6+ Kd6 40. Kc3 Rd8 41. Rh1 e4 42. Rh5 Be3 43. Rh3 Bf4 44. Kd4 Rc8 45. b3 e3 46. Rh7 Rc7 47. Rh8 g4 48. Rd8+ Rd7 49. Rg8 g3 50. Bb5 Be5+ 51. Kxe3 Rc7 52. Bc4 Kc5 1/2-1/2

[Event "Quebec-ch"]
[Site "Montreal CAN"]
[Date "1998.06.08"]
[Round "5"]
[White "Charbonneau, Pascal"]
[Black "Goldenberg, Danny"]
[Result "0-1"]
[WhiteElo "2098"]
[BlackElo "2263"]
[PlyCount "110"]
[GameId "2160767911872942"]
[EventDate "1998.06.04"]
[EventType "tourn"]
[EventRounds "9"]
[EventCountry "CAN"]

1. e4 c5 2. Nf3 Nc6 3. d4 cxd4 4. Nxd4 e5 5. Nb5 d6 6. N5c3 Be6 7. Nd5 Bxd5 8. exd5 Nb8 9. c4 Nd7 10. Nc3 f5 11. f4 Ngf6 12. Be2 g6 13. O-O Bg7 14. Kh1 O-O 15. Be3 a6 16. Rc1 Rc8 17. b4 Qe7 18. Re1 Kh8 19. fxe5 Nxe5 20. c5 Nfg4 21. Bg1 Qh4 22. g3 Qh6 23. Bxg4 Nxg4 24. Ne2 Be5 25. c6 b5 26. Rc2 Kg8 27. Qd2 g5 28. Rf1 Nf6 29. Qd3 Ne4 30. g4 Qg6 31. Kg2 fxg4 32. Rxf8+ Rxf8 33. c7 Rc8 34. Ng3 Nf6 35. Qd1 Bxg3 36. hxg3 Qe4+ 37. Kh2 Qf3 38. Qd2 Qxd5 39. Bd4 Ne8 40. Qe3 h6 41. Qd3 Qf7 42. Rf2 Qh5+ 43. Kg1 Rxc7 44. Qe3 Qg6 45. Qb3+ Rf7 46. Re2 Ng7 47. Bxg7 Kxg7 48. Re6 Qf5 49. Qc3+ Kh7 50. Qe1 Qd3 51. Re8 h5 52. Re6 Qd4+ 53. Kg2 Rf2+ 54. Qxf2 Qd5+ 55. Kh2 Qxe6 0-1

[Event "Quebec-ch"]
[Site "Montreal CAN"]
[Date "1998.06.10"]
[Round "6"]
[White "Charbonneau, Pascal"]
[Black "Fillion, Steve"]
[Result "1-0"]
[WhiteElo "2098"]
[BlackElo "2119"]
[PlyCount "63"]
[GameId "2160767911872947"]
[EventDate "1998.06.04"]
[EventType "tourn"]
[EventRounds "9"]
[EventCountry "CAN"]

1. e4 e6 2. d4 d5 3. Nc3 Nf6 4. e5 Nfd7 5. f4 c5 6. Nf3 Nc6 7. Be3 Qb6 8. Na4 Qa5+ 9. c3 cxd4 10. b4 Qc7 11. Nxd4 Nxd4 12. Bxd4 Nb8 13. Be2 Nc6 14. a3 Nxd4 15. cxd4 Be7 16. O-O O-O 17. Bd3 f5 18. g4 b6 19. Rc1 Qd8 20. Nc3 g6 21. gxf5 gxf5 22. Kh1 Bd7 23. Qh5 Qe8 24. Qh6 Qf7 25. Be2 Kh8 26. Nxd5 exd5 27. Rc7 Rfd8 28. Rg1 Qf8 29. Qh3 Be6 30. Rc6 Bd6 31. exd6 Rxd6 32. Qe3 1-0

[Event "Quebec-ch"]
[Site "Montreal CAN"]
[Date "1998.06.11"]
[Round "7"]
[White "Wenaas, Eric"]
[Black "Charbonneau, Pascal"]
[Result "0-1"]
[WhiteElo "2172"]
[BlackElo "2098"]
[PlyCount "98"]
[GameId "2160767911872956"]
[EventDate "1998.06.04"]
[EventType "tourn"]
[EventRounds "9"]
[EventCountry "CAN"]

1. c4 Nf6 2. Nc3 e6 3. e4 d5 4. e5 d4 5. exf6 dxc3 6. bxc3 Qxf6 7. Nf3 Qd8 8. d4 Be7 9. Bd3 O-O 10. Qe2 c5 11. O-O Nc6 12. Bb2 Qc7 13. Rad1 g6 14. Bb1 Bd6 15. Rfe1 Bd7 16. Bc1 Rfe8 17. Be3 b6 18. Qd3 Rad8 19. Bg5 Be7 20. d5 Bxg5 21. d6 Qb7 22. Nxg5 Kg7 23. h4 e5 24. Qf3 f5 25. Qd5 Bc8 26. Bc2 Qd7 27. Ba4 Bb7 28. h5 e4 29. h6+ Kf6 30. Nxh7+ Qxh7 31. Bxc6 Re5 32. Bxb7 Rxd5 33. Bxd5 Qxh6 34. Re3 Rxd6 35. Rde1 Qf4 36. f3 exf3 37. Rxf3 Qd2 38. Re8 f4 39. Rf8+ Kg5 40. Re8 Rf6 41. Re5+ Rf5 42. Re7 Kh6 43. Rh3+ Rh5 44. Rxh5+ Kxh5 45. Rxa7 g5 46. Ra8 Qxc3 47. Rb8 Qd4+ 48. Kh2 g4 49. Rxb6 f3 0-1

[Event "Quebec-ch"]
[Site "Montreal CAN"]
[Date "1998.06.12"]
[Round "8"]
[White "Charbonneau, Pascal"]
[Black "Leveille, Francois"]
[Result "1-0"]
[WhiteElo "2098"]
[BlackElo "2330"]
[PlyCount "65"]
[GameId "2160767911872957"]
[EventDate "1998.06.04"]
[EventType "tourn"]
[EventRounds "9"]
[EventCountry "CAN"]

1. e4 e6 2. d4 d5 3. Nd2 c5 4. exd5 Qxd5 5. dxc5 Bxc5 6. Ngf3 Nf6 7. Bd3 O-O 8. O-O b6 9. Qe2 Bb7 10. b3 Nbd7 11. Bb2 Rad8 12. Rfe1 Bb4 13. c3 Bd6 14. Rad1 Qh5 15. c4 Bb4 16. a3 Bxf3 17. gxf3 Nc5 18. Bxf6 gxf6 19. Bxh7+ Kxh7 20. axb4 Nd3 21. Ne4 Qg6+ 22. Kh1 Nxe1 23. Rxe1 f5 24. Rg1 Qh6 25. Ng5+ Kh8 26. Qb2+ f6 27. Nxe6 Rd2 28. Qc1 Re8 29. Re1 Re7 30. Nf8 Rg7 31. Re8 Rg8 32. Ng6+ Qxg6 33. Rxg8+ 1-0

[Event "Quebec-ch"]
[Site "Montreal CAN"]
[Date "1998.06.14"]
[Round "9"]
[White "Tremblay, Sylvain"]
[Black "Charbonneau, Pascal"]
[Result "1-0"]
[WhiteElo "2154"]
[BlackElo "2098"]
[PlyCount "103"]
[GameId "2160767911872965"]
[EventDate "1998.06.04"]
[EventType "tourn"]
[EventRounds "9"]
[EventCountry "CAN"]

1. e4 c5 2. Nf3 d6 3. c3 Nf6 4. Be2 Nc6 5. d4 cxd4 6. cxd4 Nxe4 7. d5 Qa5+ 8. Nc3 Nxc3 9. bxc3 Nb8 10. O-O g6 11. Qd4 f6 12. c4 Bg7 13. Bb2 Nd7 14. Qe3 Qd8 15. Bd4 O-O 16. Rab1 b6 17. Rfe1 Nc5 18. Bf1 Re8 19. Qa3 e5 20. dxe6 Bxe6 21. Qc3 Qe7 22. Rbd1 Qf7 23. h3 Rac8 24. Qb4 Red8 25. Ba1 Nb7 26. Qa3 Na5 27. Rxd6 Nxc4 28. Rxd8+ Rxd8 29. Qa4 Nd6 30. a3 Bd5 31. Qf4 g5 32. Nxg5 fxg5 33. Qxg5 Re8 34. Bxg7 Ne4 35. Rxe4 Bxe4 36. Bf6+ Bg6 37. Bc3 Rf8 38. f3 Qc7 39. Bd4 Rf5 40. Qe3 Rf8 41. Qe6+ Rf7 42. Bc4 Kf8 43. Be5 Qd7 44. Bd6+ Kg7 45. Qe5+ Kg8 46. Bb4 Qc8 47. Be6 Qd8 48. Bc3 Qd1+ 49. Kh2 Kf8 50. Bb4+ Kg8 51. Qb8+ Kg7 52. Bc3+ 1-0

[Event "CAN-ch U16"]
[Site "Saskatoon CAN"]
[Date "1998.03.23"]
[Round "1"]
[White "Charbonneau, Pascal"]
[Black "Golts, Roman"]
[Result "1-0"]
[WhiteElo "2325"]
[BlackElo "2200"]
[PlyCount "61"]
[GameId "2160767911873691"]
[EventDate "1998.03.23"]
[EventType "tourn"]
[EventRounds "9"]
[EventCountry "CAN"]

1. e4 e6 2. d4 d5 3. Nc3 Nf6 4. e5 Nfd7 5. f4 c5 6. Nf3 Nc6 7. Be3 a6 8. Qd2 b5 9. Be2 Qb6 10. Rd1 cxd4 11. Nxd4 Bc5 12. a3 Bb7 13. O-O g5 14. Bh5 Bxd4 15. Bxd4 Qxd4+ 16. Qxd4 Nxd4 17. Rxd4 Ke7 18. g3 Rhg8 19. Re1 Raf8 20. f5 exf5 21. Nxd5+ Bxd5 22. Rxd5 Nb8 23. Rd6 g4 24. Rh6 Rg5 25. Rxh7 Ke6 26. Rh6+ Kd5 27. h4 gxh3 28. Bf3+ Kc4 29. Kf2 Rd8 30. Be2+ Kc5 31. b4+ 1-0

[Event "CAN-ch U16"]
[Site "Saskatoon CAN"]
[Date "1998.03.23"]
[Round "2"]
[White "Remoroza, Alvin"]
[Black "Charbonneau, Pascal"]
[Result "0-1"]
[WhiteElo "1960"]
[BlackElo "2325"]
[PlyCount "52"]
[GameId "2160767911873699"]
[EventDate "1998.03.23"]
[EventType "tourn"]
[EventRounds "9"]
[EventCountry "CAN"]

1. e4 c5 2. Nc3 Nc6 3. f4 e6 4. Nf3 d5 5. d3 Nf6 6. e5 Nd7 7. d4 a6 8. a3 b5 9. Ne2 Bb7 10. g3 f5 11. Be3 c4 12. c3 Be7 13. Bg2 O-O 14. h4 Re8 15. Ng5 Nf8 16. Nc1 Qd7 17. Bf3 a5 18. Qe2 Rab8 19. Qg2 b4 20. g4 bxc3 21. bxc3 Bxg5 22. fxg5 fxg4 23. Bxg4 Nxe5 24. Bf4 Nxg4 25. Bxb8 e5 26. Ba7 exd4+ 0-1

[Event "CAN-ch U16"]
[Site "Saskatoon CAN"]
[Date "1998.03.24"]
[Round "3"]
[White "Charbonneau, Pascal"]
[Black "Reddy, Tyler"]
[Result "1/2-1/2"]
[WhiteElo "2325"]
[BlackElo "1930"]
[PlyCount "86"]
[GameId "2160767911873701"]
[EventDate "1998.03.23"]
[EventType "tourn"]
[EventRounds "9"]
[EventCountry "CAN"]

1. e4 e6 2. d4 d5 3. Nc3 Bb4 4. e5 c5 5. a3 Bxc3+ 6. bxc3 Qc7 7. Nf3 Ne7 8. h4 Bd7 9. h5 h6 10. a4 Qa5 11. Bd2 Nbc6 12. Rh4 c4 13. Rf4 Rf8 14. Nh4 Nf5 15. Nxf5 exf5 16. Rb1 Qa6 17. g3 f6 18. exf6 Rxf6 19. g4 O-O-O 20. gxf5 Re8+ 21. Be3 Rxf5 22. Rxf5 Bxf5 23. Kd2 Qxa4 24. Ra1 Qb5 25. Qf3 Ne7 26. Rxa7 Qb1 27. Qd1 Qxd1+ 28. Kxd1 Bg4+ 29. Be2 Bxe2+ 30. Kxe2 Nc6 31. Ra8+ Kd7 32. Rxe8 Kxe8 33. Kf3 Kf7 34. Kg4 Ke6 35. Bc1 Kf6 36. Ba3 Nd8 37. f4 b5 38. Bd6 Nc6 39. Bc5 Nd8 40. Ba3 Nb7 41. Bb4 Nd8 42. Bc5 Nc6 43. Bd6 Ke6 1/2-1/2

[Event "CAN-ch U16"]
[Site "Saskatoon CAN"]
[Date "1998.03.24"]
[Round "4"]
[White "Gottlieb, Jonathan"]
[Black "Charbonneau, Pascal"]
[Result "0-1"]
[WhiteElo "2050"]
[BlackElo "2325"]
[PlyCount "68"]
[GameId "2160767911873705"]
[EventDate "1998.03.23"]
[EventType "tourn"]
[EventRounds "9"]
[EventCountry "CAN"]

1. e4 c5 2. Nf3 e6 3. d4 cxd4 4. Nxd4 Nc6 5. Nb5 d6 6. c4 Be7 7. N1c3 a6 8. Na3 Nf6 9. Be2 O-O 10. O-O Re8 11. Kh1 b6 12. Nc2 Bb7 13. f4 Qc7 14. Bf3 Na5 15. b3 b5 16. Qe2 bxc4 17. b4 Nb3 18. Rb1 Nxc1 19. Rbxc1 Rac8 20. g4 d5 21. e5 Nxg4 22. Nd4 Nh6 23. Rg1 Bxb4 24. Qg2 Bf8 25. Qh3 Kh8 26. Rg2 g6 27. Rcg1 Qb6 28. Nce2 Nf5 29. Nxf5 exf5 30. Ng3 c3 31. Nh5 Be7 32. Nf6 Bxf6 33. Rxg6 fxg6 34. Rxg6 Rg8 0-1

[Event "CAN-ch U16"]
[Site "Saskatoon CAN"]
[Date "1998.03.25"]
[Round "5"]
[White "Charbonneau, Pascal"]
[Black "Hua, Lefong"]
[Result "1/2-1/2"]
[WhiteElo "2325"]
[BlackElo "2325"]
[PlyCount "134"]
[GameId "2160767911873711"]
[EventDate "1998.03.23"]
[EventType "tourn"]
[EventRounds "9"]
[EventCountry "CAN"]

1. e4 c5 2. Nf3 e6 3. d4 cxd4 4. Nxd4 a6 5. Bd3 Nf6 6. O-O Qc7 7. Qe2 d6 8. c4 Be7 9. Nc3 Nbd7 10. Kh1 O-O 11. f4 b6 12. Bd2 Re8 13. Rae1 Nc5 14. Bb1 Bf8 15. e5 Nfd7 16. b4 Nb7 17. a3 g6 18. Ne4 Bg7 19. Nf3 b5 20. cxb5 axb5 21. Qxb5 d5 22. Rc1 Qb6 23. Qxb6 Nxb6 24. Nc3 Bd7 25. a4 Bf8 26. a5 Nc4 27. Na2 Reb8 28. Bc3 Nd8 29. Bd3 Nc6 30. Rb1 Na7 31. Rfd1 Ba4 32. Rdc1 Nb5 33. Be1 Nba3 34. Ra1 Bb3 35. Nd4 Bxa2 36. Rxa2 Bxb4 37. Bxc4 Nxc4 38. Nc6 Bxe1 39. Nxb8 Rxa5 40. Rxa5 Bxa5 41. Nc6 Bd2 42. Rf1 Be3 43. g3 Kf8 44. Kg2 Ke8 45. Ra1 Kd7 46. Nb4 Bc5 47. Nd3 Ba3 48. Kf2 h5 49. Ke2 Be7 50. Ra7+ Ke8 51. h4 Nb6 52. Ne1 Nd7 53. Ra8+ Bd8 54. Nf3 Nb6 55. Ra7 Be7 56. Kd3 Kf8 57. Rb7 Nc4 58. Ke2 Na5 59. Rb8+ Kg7 60. Nd4 Bf8 61. Nb5 Nc4 62. Rb7 Kg8 63. Rd7 Kg7 64. Kd3 Bc5 65. Nd6 Bxd6 66. exd6 e5 67. Re7 e4+ 1/2-1/2

[Event "CAN-ch U16"]
[Site "Saskatoon CAN"]
[Date "1998.03.25"]
[Round "6"]
[White "Berscheid, Brian"]
[Black "Charbonneau, Pascal"]
[Result "0-1"]
[WhiteElo "1650"]
[BlackElo "2325"]
[PlyCount "52"]
[GameId "2160767911873715"]
[EventDate "1998.03.23"]
[EventType "tourn"]
[EventRounds "9"]
[EventCountry "CAN"]

1. e4 c5 2. Nf3 e6 3. d4 cxd4 4. Nxd4 Nc6 5. Nc3 Qc7 6. Be3 a6 7. f4 b5 8. Be2 Bb7 9. Bf3 Na5 10. O-O Bc5 11. Re1 d6 12. Kh1 Ne7 13. Qc1 O-O 14. Nb3 Bxe3 15. Rxe3 Nc4 16. Re1 b4 17. Ne2 Rac8 18. Nbd4 e5 19. fxe5 dxe5 20. Nf5 Nxf5 21. exf5 Bxf3 22. gxf3 Rfd8 23. f6 Qc6 24. Ng1 Qxf6 25. Rf1 Rd2 26. Nh3 Qh4 0-1

[Event "CAN-ch U16"]
[Site "Saskatoon CAN"]
[Date "1998.03.26"]
[Round "7"]
[White "Charbonneau, Pascal"]
[Black "Nathani, Kaleim"]
[Result "1-0"]
[WhiteElo "2329"]
[BlackElo "1788"]
[PlyCount "57"]
[GameId "2160767911873720"]
[EventDate "1998.03.23"]
[EventType "tourn"]
[EventRounds "9"]
[EventCountry "CAN"]

1. e4 c5 2. Nf3 d6 3. d4 cxd4 4. Nxd4 Nf6 5. Nc3 g6 6. Be3 Bg7 7. f3 Nc6 8. Qd2 O-O 9. O-O-O d5 10. Kb1 e5 11. Nxc6 bxc6 12. exd5 cxd5 13. Nxd5 Be6 14. Nxf6+ Qxf6 15. Bg5 Qf5 16. g4 Bxa2+ 17. Kxa2 Qe6+ 18. Qd5 Qb6 19. b3 a5 20. Bb5 a4 21. b4 Rfc8 22. c4 Bf8 23. Rhf1 Bxb4 24. Be3 Bc5 25. Bxc5 Rxc5 26. Qd6 Rxb5 27. cxb5 Qxb5 28. Qd5 Qe2+ 29. Rd2 1-0

[Event "CAN-ch U16"]
[Site "Saskatoon CAN"]
[Date "1998.03.26"]
[Round "8"]
[White "Charbonneau, Pascal"]
[Black "Glinert, Stephen"]
[Result "1/2-1/2"]
[WhiteElo "2325"]
[BlackElo "2320"]
[PlyCount "56"]
[GameId "2160767911873726"]
[EventDate "1998.03.23"]
[EventType "tourn"]
[EventRounds "9"]
[EventCountry "CAN"]

1. e4 d6 2. d4 Nf6 3. Nc3 g6 4. Be3 Bg7 5. Qd2 c6 6. Bd3 Qa5 7. f3 Nbd7 8. Nge2 b5 9. O-O O-O 10. Kh1 Bb7 11. a4 b4 12. Nd1 c5 13. d5 Rfc8 14. c4 bxc3 15. Ndxc3 Rab8 16. Bc4 Ne5 17. b3 Ba6 18. Nb5 Qb6 19. Nec3 Ne8 20. Qc2 Nc7 21. Bg5 Kf8 22. f4 Nxc4 23. bxc4 Bxb5 24. axb5 a6 25. Na4 Qb7 26. b6 Na8 27. Rab1 Qd7 28. f5 Kg8 1/2-1/2

[Event "CAN-ch U16"]
[Site "Saskatoon CAN"]
[Date "1998.03.27"]
[Round "9"]
[White "Henson, Joshua"]
[Black "Charbonneau, Pascal"]
[Result "1/2-1/2"]
[WhiteElo "2035"]
[BlackElo "2325"]
[PlyCount "44"]
[GameId "2160767911873732"]
[EventDate "1998.03.23"]
[EventType "tourn"]
[EventRounds "9"]
[EventCountry "CAN"]

1. e4 c5 2. Nf3 Nc6 3. Bb5 g6 4. O-O Bg7 5. c3 Nf6 6. Re1 O-O 7. h3 a6 8. Bxc6 bxc6 9. d4 cxd4 10. cxd4 d5 11. e5 Ne4 12. Nc3 Nxc3 13. bxc3 Qa5 14. Qb3 Bf5 15. Qa3 Qc7 16. Bg5 Rfe8 17. Re2 Be4 18. Nd2 f6 19. Bh4 fxe5 20. Nxe4 dxe4 21. Rxe4 exd4 22. cxd4 Qd6 1/2-1/2

[Event "Quebec-ch U18"]
[Site "Montreal CAN"]
[Date "1998.03.05"]
[Round "1"]
[White "Charbonneau, Pascal"]
[Black "Dubois, Julien"]
[Result "1/2-1/2"]
[WhiteElo "2126"]
[BlackElo "1789"]
[PlyCount "101"]
[GameId "2160767911873802"]
[EventDate "1998.03.05"]
[EventType "tourn"]
[EventRounds "7"]
[EventCountry "CAN"]
[SourceTitle "EXT 2000"]
[Source "ChessBase"]
[SourceDate "1999.11.18"]
[SourceVersion "1"]
[SourceVersionDate "1999.11.18"]
[SourceQuality "1"]

1. e4 e6 2. d4 c5 3. Nf3 d5 4. exd5 exd5 5. Be2 Nf6 6. O-O Nc6 7. Bg5 Be6 8. Re1 c4 9. b3 Be7 10. bxc4 dxc4 11. c3 O-O 12. Nbd2 b5 13. Qc2 Qd5 14. Bxf6 Bxf6 15. Ne4 Be7 16. Nfd2 Qf5 17. Nf1 Qg6 18. Ne3 f5 19. Bf3 Rad8 20. Nc5 Bc8 21. a4 Bxc5 22. axb5 Nxd4 23. cxd4 Bxd4 24. Qxc4+ Kh8 25. Rad1 Bb6 26. Qb4 Be6 27. Rd2 Qf7 28. Red1 Qc7 29. h3 Ba5 30. Rc2 Qxc2 31. Qxf8+ Rxf8 32. Nxc2 Bb3 33. Ra1 Bb6 34. Nb4 Bc4 35. Bc6 Rd8 36. Rc1 Bf7 37. Bb7 Be8 38. Bc6 Bf7 39. Rc2 g6 40. g3 Rd1+ 41. Kg2 Rd4 42. Na6 Bd5+ 43. f3 Rc4 44. Rxc4 Bxc4 45. f4 Be2 46. Nb4 Kg7 47. Nd5 Bd4 48. Nb4 Kf6 49. Nc2 Bc5 50. Ne1 Ke6 51. Nf3 1/2-1/2

[Event "Quebec-ch U18"]
[Site "Montreal CAN"]
[Date "1998.03.05"]
[Round "2"]
[White "Charbonneau, Pascal"]
[Black "Hua, Lefong"]
[Result "1/2-1/2"]
[WhiteElo "2126"]
[BlackElo "2223"]
[PlyCount "116"]
[GameId "2160767911873807"]
[EventDate "1998.03.05"]
[EventType "tourn"]
[EventRounds "7"]
[EventCountry "CAN"]
[SourceTitle "EXT 2000"]
[Source "ChessBase"]
[SourceDate "1999.11.18"]
[SourceVersion "1"]
[SourceVersionDate "1999.11.18"]
[SourceQuality "1"]

1. e4 c5 2. Nf3 e6 3. d4 cxd4 4. Nxd4 a6 5. Bd3 Nf6 6. O-O Qc7 7. Kh1 Bc5 8. Nb3 Be7 9. Nc3 d6 10. f4 Nbd7 11. Qe2 b6 12. Bd2 Bb7 13. Nd4 Nc5 14. e5 Nd5 15. exd6 Qxd6 16. Ne4 Nxe4 17. Bxe4 Qc7 18. c4 Nf6 19. Bxb7 Qxb7 20. Rae1 O-O-O 21. Nf3 Bd6 22. b4 Kb8 23. a4 Ka8 24. c5 bxc5 25. b5 Nd5 26. bxa6 Qc7 27. Ng5 h6 28. Ne4 Bxf4 29. Bxf4 Nxf4 30. Qf3 Nd5 31. Qxf7 Qxf7 32. Rxf7 Rc8 33. Rb1 Rc7 34. Rxc7 Nxc7 35. Nxc5 Rd8 36. h3 Rd5 37. Rc1 Ka7 38. Kh2 e5 39. Kg3 Nxa6 40. Nxa6 Kxa6 41. Rc7 Rd3+ 42. Kg4 h5+ 43. Kxh5 Rg3 44. Rc2 Ka5 45. Re2 Kxa4 46. Kh4 Rg6 47. g4 Re6 48. Kg5 g6 49. h4 Kb5 50. h5 gxh5 51. gxh5 Kc4 52. h6 Kd3 53. Rh2 e4 54. h7 Re8 55. h8=Q Rxh8 56. Rxh8 e3 57. Rd8+ Kc2 58. Kf4 e2 1/2-1/2

[Event "Quebec-ch U18"]
[Site "Montreal CAN"]
[Date "1998.03.06"]
[Round "3"]
[White "Gravel, Simon jr"]
[Black "Charbonneau, Pascal"]
[Result "0-1"]
[WhiteElo "1990"]
[BlackElo "2126"]
[PlyCount "108"]
[GameId "2160767911873812"]
[EventDate "1998.03.05"]
[EventType "tourn"]
[EventRounds "7"]
[EventCountry "CAN"]
[SourceTitle "EXT 2000"]
[Source "ChessBase"]
[SourceDate "1999.11.18"]
[SourceVersion "1"]
[SourceVersionDate "1999.11.18"]
[SourceQuality "1"]

1. d4 Nf6 2. c4 e6 3. Nc3 Bb4 4. e3 b6 5. Nge2 Ba6 6. Ng3 h5 7. h4 Bb7 8. a3 Bd6 9. Rh3 Nc6 10. e4 Bxg3 11. Rxg3 Ng4 12. Rh3 Qf6 13. f3 Nxd4 14. Bg5 Qe5 15. f4 Qd6 16. e5 Nxe5 17. fxe5 Qxe5+ 18. Re3 Qd6 19. Nd5 Nf5 20. Bf4 Nxe3 21. Bxd6 Nxd1 22. Nxc7+ Kd8 23. Nxa8 Ne3 24. Kd2 Nf5 25. Bc7+ Ke7 26. Nxb6 axb6 27. Bxb6 Nxh4 28. a4 Nxg2 29. Bxg2 Bxg2 30. Rg1 Bc6 31. Rxg7 h4 32. Bg1 h3 33. Bh2 Bxa4 34. b4 Bc6 35. b5 Bg2 36. c5 Ra8 37. Rh7 Kf6 38. b6 Ra2+ 39. Kc1 Ra5 40. Bd6 Kg6 41. Rxh3 Bxh3 42. b7 Rb5 43. b8=Q Rxb8 44. Bxb8 Kf5 45. Kd2 Ke4 46. Ke2 e5 47. Bd6 Be6 48. Be7 f5 49. Bf6 f4 50. Kf2 Kf5 51. Bg7 e4 52. Bc3 e3+ 53. Kf3 Bd5+ 54. Ke2 Ke4 0-1